LIBRARY & INFORMATION CENTRE, KCAET, TAVANUR

ONLINE PUBLIC ACCESS CATALOGUE (OPAC)

Dictionary of agricultural engineering and technology Part-4 / (Record no. 7800)

MARC details
000 -LEADER
fixed length control field 00491cam a2200181ua 4500
020 ## - INTERNATIONAL STANDARD BOOK NUMBER
ISBN 81 7099 250 5
041 ## - LANGUAGE CODE
Language code of text/sound track or separate title eng
082 ## - DEWEY DECIMAL CLASSIFICATION NUMBER
Classification number 028.73631
Item number SOM/DI
100 ## - MAIN ENTRY--AUTHOR NAME
Personal name Somani, L L .
245 ## - TITLE STATEMENT
Title Dictionary of agricultural engineering and technology Part-4 /
250 ## - EDITION STATEMENT
Edition statement 1 /
260 ## - PUBLICATION, DISTRIBUTION, ETC. (IMPRINT)
Place of publication :
Name of publisher Mittal Publications ,
Year of publication 1991.
300 ## - PHYSICAL DESCRIPTION
Number of Pages 308 ; .
942 ## - ADDED ENTRY ELEMENTS (KOHA)
Koha item type Books
Holdings
Withdrawn status Lost status Damaged status Home library Current library Date acquired Full call number Accession Number Koha item type
      KAUAET   07/04/2012 028.73631 18629 Books
free website counter